[Event "AUTO-OPEN-1642"]
[Site "http://www.queenalice.com/game.php?id=629012"]
[Date "2009.8.2"]
[Round "1"]
[White "d4_wizard"]
[Black "therota2"]
[Result "0-1"]
[WhiteElo "1498"]
[BlackElo "1481"]

1. d4 Nf6 2. Nf3 e6 3. e3 Nc6 4. a3 d6 5. c4 b6 6. Nc3 g6 7. Bd3 Bb7 8. O-O h5
9. b4 Bg7 10. Bb2 Bh6 11. Qc2 Qe7 12. Rac1 a5 13. b5 Na7 14. d5 e5 15. e4 Bxc1
16. Rxc1 h4 17. Qd2 O-O-O 18. h3 Nd7 19. Ne1 g5 0-1

[Event "AUTO-OPEN-1642"]
[Site "http://www.queenalice.com/game.php?id=629013"]
[Date "2009.8.2"]
[Round "1"]
[White "therota2"]
[Black "d4_wizard"]
[Result "0-1"]
[WhiteElo "1517"]
[BlackElo "1541"]

1. c4 b6 2. g3 Bb7 3. f3 g6 4. e4 f5 5. e5 Bg7 6. f4 Bxh1 7. Nh3 Bb7 8. Qe2 c5
9. d3 e6 10. Nc3 Ne7 11. b3 Nbc6 12. Ba3 a6 13. Qf3 Nd4 14. Qd1 Bf3 15. Qd2 Bg4
16. Bg2 Bxh3 17. Bxh3 Nf3+ 18. Kd1 Nxd2 0-1

[Event "Let's Play Chess!"]
[Site "http://www.queenalice.com/game.php?id=629163"]
[Date "2009.8.2"]
[Round "-"]
[White "jartuga99"]
[Black "d4_wizard"]
[Result "1-0"]
[WhiteElo "2068"]
[BlackElo "1518"]

1. e4 c5 2. Bc4 e6 3. a4 a6 4. c3 Nc6 5. Nf3 g6 6. d3 Bg7 7. Bg5 Nge7 8. Nbd2 h6
9. Bh4 Qb6 10. Rb1 d6 11. Bg3 Qc7 12. h3 O-O 13. O-O b6 14. Nh2 Bb7 15. f4 Rfd8
16. Qg4 d5 17. f5 Qd7 18. exd5 exd5 19. fxg6 dxc4 20. gxf7+ Kf8 21. Qxd7 Rxd7
22. Nxc4 b5 23. Nb6 Rad8 24. Nxd7+ Rxd7 25. axb5 axb5 26. Rf2 Ng6 27. Rbf1 Nd8
28. Rf5 Rxd3 29. Bc7 Ne6 30. Bb6 c4 31. Rxb5 Rd2 32. Bf2 Bc6 33. Rb8+ Rd8 34.
Bc5+ 1-0

[Event "AUTO-INT-1399"]
[Site "http://www.queenalice.com/game.php?id=629527"]
[Date "2009.8.2"]
[Round "1"]
[White "therota2"]
[Black "d4_wizard"]
[Result "1-0"]
[WhiteElo "1498"]
[BlackElo "1481"]

1. c4 b6 2. h4 Bb7 3. Rh3 d6 4. d4 g6 5. Qa4+ Bc6 6. Qb4 Bd7 7. Rd3 Bf5 8. Re3
Bh6 9. Rf3 Bxc1 10. e3 Bc2 11. Ne2 Be4 12. Qa4+ Bc6 13. Qa3 Bxf3 14. gxf3 Bxe3
15. fxe3 Nf6 16. e4 Nbd7 17. Nbc3 1-0

[Event "AUTO-INT-1399"]
[Site "http://www.queenalice.com/game.php?id=629528"]
[Date "2009.8.2"]
[Round "1"]
[White "d4_wizard"]
[Black "therota2"]
[Result "0-1"]
[WhiteElo "1556"]
[BlackElo "1503"]

1. e4 Nc6 2. Nf3 d6 3. d4 e6 4. Bb5 Nf6 5. d5 exd5 6. exd5 a6 7. Qe2+ Be7 8.
dxc6 bxc6 9. Bxc6+ Bd7 10. Bxa8 Qxa8 11. O-O O-O 12. Bg5 Re8 13. Bxf6 Bxf6 14.
Qd2 Bxb2 15. c3 Bxa1 0-1

[Event "AUTO-INT-1399"]
[Site "http://www.queenalice.com/game.php?id=629542"]
[Date "2009.8.2"]
[Round "1"]
[White "d4_wizard"]
[Black "Givanildo"]
[Result "0-1"]
[WhiteElo "1340"]
[BlackElo "1469"]

1. d4 d5 2. Nf3 f6 3. b3 Bf5 4. Bb2 e6 5. Nbd2 Bb4 6. e3 a6 7. a3 Bxd2+ 8. Qxd2
Nc6 9. Be2 b5 10. O-O h5 11. Rad1 Nh6 12. h3 e5 13. dxe5 fxe5 14. Nxe5 Bxh3 15.
Nxc6 Qg5 16. Bf3 Nf5 17. Qxd5 Bxg2 18. Bxg2 h4 19. Qd7+ Kf8 20. Kh1 h3 21. Bd5
Nd6 0-1

[Event "AUTO-INT-1399"]
[Site "http://www.queenalice.com/game.php?id=629549"]
[Date "2009.8.2"]
[Round "1"]
[White "Acuario_72"]
[Black "d4_wizard"]
[Result "1-0"]
[WhiteElo "1634"]
[BlackElo "1313"]

1. g3 b6 2. Bg2 Nc6 3. e3 Bb7 4. Ne2 e6 5. d4 Nge7 6. b3 g6 7. Bb2 Bg7 8. Nd2 d5
9. Nf4 a6 10. O-O O-O 11. c4 1-0

[Event "AUTO-INT-1399"]
[Site "http://www.queenalice.com/game.php?id=629550"]
[Date "2009.8.2"]
[Round "1"]
[White "d4_wizard"]
[Black "Acuario_72"]
[Result "0-1"]
[WhiteElo "1310"]
[BlackElo "1637"]

1. g3 g6 2. Bg2 Bg7 3. d3 Nf6 4. Nd2 O-O 5. Ngf3 c6 6. e4 Qb6 7. e5 Ng4 8. d4
Bxe5 9. Nxe5 Nxe5 10. dxe5 e6 0-1

[Event "Let's Play Chess!"]
[Site "http://www.queenalice.com/game.php?id=629586"]
[Date "2009.8.3"]
[Round "-"]
[White "d4_wizard"]
[Black "Vetao"]
[Result "0-1"]
[WhiteElo "1528"]
[BlackElo "1754"]

1. d4 d5 2. Nf3 f6 3. b3 Bg4 4. Nbd2 e6 5. Bb2 Nc6 6. e3 Nge7 7. Bd3 Qd6 8. h3
Bh5 9. g4 Bg6 10. Be2 f5 11. g5 f4 12. Nf1 Nb4 13. Rc1 Be4 14. a3 Nbc6 15. N1d2
fxe3 16. fxe3 Qg3+ 17. Kf1 Nf5 0-1

[Event "AUTO-OPEN-1643"]
[Site "http://www.queenalice.com/game.php?id=629625"]
[Date "2009.8.3"]
[Round "1"]
[White "d4_wizard"]
[Black "Boeing"]
[Result "0-1"]
[WhiteElo "1365"]
[BlackElo "1890"]

1. d4 Nf6 2. Nf3 b6 3. e3 Bb7 4. Bd3 c5 5. Nbd2 Qc7 6. b3 cxd4 7. exd4 e6 8. Bb2
Bb4 9. a3 Bxd2+ 10. Qxd2 O-O 11. Ne5 Bxg2 12. Rg1 Be4 13. Qg5 Bg6 0-1

[Event "AUTO-OPEN-1643"]
[Site "http://www.queenalice.com/game.php?id=629626"]
[Date "2009.8.3"]
[Round "1"]
[White "Boeing"]
[Black "d4_wizard"]
[Result "1-0"]
[WhiteElo "1904"]
[BlackElo "1459"]

1. e4 e5 2. Qh5 Nc6 3. Bc4 g6 4. Qf3 Nf6 5. c3 d6 6. h3 Bg7 7. g4 O-O 8. g5 Ne8
9. h4 Be6 10. d3 Bxc4 11. dxc4 1-0

[Event "Let's Play Chess!"]
[Site "http://www.queenalice.com/game.php?id=630426"]
[Date "2009.8.4"]
[Round "-"]
[White "d4_wizard"]
[Black "FreitasPC"]
[Result "0-1"]
[WhiteElo "1521"]
[BlackElo "1837"]

1. d4 d5 2. Nf3 c6 3. e3 Nf6 4. Bd3 Nbd7 5. b3 g6 6. Nbd2 Bg7 7. Bb2 O-O 8. a3
Re8 9. Ne5 Nxe5 10. dxe5 Ng4 0-1

[Event "Let's Play Chess!"]
[Site "http://www.queenalice.com/game.php?id=630707"]
[Date "2009.8.4"]
[Round "-"]
[White "chrysos101"]
[Black "d4_wizard"]
[Result "1-0"]
[WhiteElo "1918"]
[BlackElo "1315"]

1. d4 Nf6 2. c4 e5 3. dxe5 Ng4 4. Nf3 Nc6 5. h3 Ngxe5 6. e4 Bb4+ 7. Bd2 Bxd2+ 8.
Nbxd2 d6 9. Be2 Be6 10. O-O Qd7 11. Ng5 1-0

[Event "Challenge"]
[Site "http://www.queenalice.com/game.php?id=630733"]
[Date "2009.8.4"]
[Round "-"]
[White "d4_wizard"]
[Black "SGF"]
[Result "0-1"]
[WhiteElo "1509"]
[BlackElo "1641"]

1. d4 e6 2. e4 h6 3. Be3 Nf6 4. Nc3 Bb4 5. Qd2 Nxe4 6. Qd3 f5 7. f3 Nxc3 8. bxc3
Ba5 9. Ne2 g5 10. g4 f4 11. Qg6+ Ke7 12. Qg7+ Kd6 13. Nxf4 Bxc3+ 14. Kf2 Bxa1
15. Qe5+ Ke7 16. Ng6+ Kf7 0-1